Nomi, cose e città: materie scolastiche - Statistics

Statistiche generali
  • Questo quiz è stato fatto 364 volte
  • Il punteggio medio è 10 su 17
Statistiche sulle risposte
Hint Risposta % Corretto
I Ideazione, progettazione e industrializzazione dei prodotti moda|Igiene|Igiene e cultura medico sanitaria|Igiene, anatomia, fisiologia, patologia|Impianti energetici|Impianti energetici, disegno e progettazione|Informatica|Inglese|Italiano|Italiano, storia e geografia
98%
S Scienza e cultura dell'alimentazione|Scienze|Scienze applicate|Scienze dei materiali dentali|Scienze della navigazione|Scienze della navigazione e struttura dei mezzi di trasporto|Scienze della navigazione, struttura e costruzione del mezzo|Scienze della Terra|Scienze e tecnologie applicate|Scienze integrate (biologia e scienze della Terra)|Scienze integrate (chimica)|Scienze integrate (fisica)|Scienze motorie|Scienze motorie e sportive|Scienze naturali|Scienze umane|Seconda lingua comunitaria|Selvicoltura|Selvicoltura, dendrometria e utilizzazioni forestali|Sistemi automatici|Sistemi e automazione|Sistemi e reti|Sloveno|Sociologia|Spagnolo|Storia|Storia del teatro|Storia del teatro e dello spazio scenico|Storia dell'arte|Storia dell'arte e del territorio|Storia dell'arte ed espressioni grafico-artistiche|Storia della danza|Storia della musica|Storia delle arti applicate|Storia delle arti visive|Storia e Geografia|Strumento musicale|Struttura, costruzione, sistemi e impianti del mezzo
97%
M Marketing|Matematica|Matematica e scienze|Meccanica|Meccanica e macchine|Meccanica, macchine e sistemi propulsivi|Meccanica, macchine ed energia|Metodologia della ricerca|Metodologie operative|Microbiologia|Microbiologia applicata alla gestione e risanamento ambientale|Musica
96%
F Filosofia|Fisica|Fisica ambientale|Fisiologia|Francese
93%
G Genio rurale|Geografia|Geografia generale ed economica|Geografia turistica|Geologia|Geologia e geologia applicata|Geopedologia|Geopedologia, economia ed estimo|Gestione del cantiere e sicurezza dell'ambiente di lavoro|Gestione dell'ambiente e del territorio|Gestione e valorizzazione delle attività produttive e sviluppo del territorio e sociologia rurale|Gestione progetto|Gestione progetto, organizzazione d'impresa|Gnatologia|Greco
88%
E Ecologia|Ecologia applicata alla pesca e all'acquacoltura|Economia|Economia agraria e legislazione di settore agraria e forestale|Economia aziendale|Economia aziendale e geopolitica|Economia della filiera ittica|Economia dello sport|Economia e marketing delle aziende della moda|Economia politica|Economia, estimo, marketing e legislazione|Educazione civica|Educazione fisica|Elettronica|Elettrotecnica|Elettrotecnica ed elettronica|Elettrotecnica, elettronica e automazione|Enologia|Esecuzione e interpretazione|Esercitazioni di contattologia|Esercitazioni di laboratorio di odontotecnica|Esercitazioni di lenti oftalmiche|Esercitazioni di optometria|Estimo
80%
A Agricoltura|Agricoltura sostenibile e biologica|Agronomia|Agronomia del territorio agrario e forestale|Alternativa|Anatomia|Anatomia, Fisiologia e Igiene|Antropologia|Approfondimento|Approfondimento in materie letterarie|Arte|Arte e immagine|Arte e Territorio|Arte ed immagine|Assestamento forestale|Assestamento forestale, gestione parchi, aree protette e fauna selvatica|Automazione
76%
T Tecnica amministrativa del settore socio-sanitario|Tecniche amministrative|Tecniche della danza|Tecniche delle produzioni|Tecniche delle produzioni Vegetali e zootecniche|Tecniche di comunicazione|Tecniche di distribuzione e marketing|Tecniche di gestione e controllo delle reti ed impianti civili ed industriali|Tecniche di gestione e organizzazione del processo produttivo|Tecniche di organizzazione e gestione dei processi produttivi|Tecniche professionali dei servizi commerciali|Tecnologia|Tecnologia ed informatica|Tecnologie applicate ai materiali e ai processi produttivi|Tecnologie chimiche industriali|Tecnologie dei materiali e dei processi produttivi e organizzativi della moda|Tecnologie dei processi di produzione|Tecnologie del legno nelle costruzioni|Tecnologie della comunicazione|Tecnologie della fotografia e degli audiovisivi|Tecnologie delle risorse idriche e geologiche|Tecnologie di controllo ambientale|Tecnologie di controllo sanitario|Tecnologie e progettazione di sistemi elettrici ed elettronici|Tecnologie e progettazione di sistemi informatici e di telecomunicazioni|Tecnologie e tecniche di conduzione e manutenzione di apparati ed impianti|Tecnologie e tecniche di gestione e conduzione delle imbarcazioni da pesca|Tecnologie e tecniche di installazione e di manutenzione e di diagnostica|Tecnologie e tecniche di pesca ed acquacoltura sostenibili|Tecnologie e tecniche di rappresentazione grafica|Tecnologie elettriche, elettroniche e applicazioni|Tecnologie informatiche|Tecnologie meccaniche di processo e prodotto|Tecnologie meccaniche e applicazioni|Tecnologie musicali|Tedesco|Telecomunicazioni|Teoria della comunicazione|Teoria e pratica musicale per la danza|Teoria, analisi e composizione|TIC|Topografia|Trasformazione dei prodotti
74%
L Laboratori tecnici|Laboratori tecnologici ed esercitazioni|Laboratorio artistico|Laboratorio audiovisivo e multimediale|Laboratorio coreografico|Laboratorio coreutico|Laboratorio d'interpretazione e tecniche teatrali|Laboratorio del design|Laboratorio della figurazione|Laboratorio di Accoglienza turistica|Laboratorio di architettura|Laboratorio di Arte bianca e pasticceria|Laboratorio di biologia e di chimica applicata ai processi di trasformazione|Laboratorio di grafica|Laboratorio di musica d'insieme|Laboratorio di scenografia|Laboratorio enogastronomia – cucina|Laboratorio enogastronomia Bar-Sala e vendita|Ladino|Latino|Legislazione|Legislazione sanitaria|Legislazione socio-sanitaria|Legislazione turistica|Lingua e cultura|Lingua e cultura francese|Lingua e cultura greca|Lingua e cultura inglese|Lingua e cultura ladina|Lingua e cultura latina|Lingua e cultura slovena|Lingua e cultura spagnola|Lingua e cultura straniera|Lingua e cultura tedesca|Lingua e letteratura italiana|Lingua francese|Lingua greca|Lingua inglese|Lingua ladina|Lingua latina|Lingua slovena|Lingua spagnola|Lingua straniera|Lingua tedesca|Linguaggi e tecniche della fotografia e dell'audiovisivo|Logistica|Logistica e marketing dei prodotti agroalimentari
70%
C Chimica|Chimica analitica e strumentale|Chimica applicata alla gestione delle risorse idriche e risanamento ambientale|Chimica applicata e nobilitazione dei materiali per i prodotti moda|Chimica organica|Chimica organica e biochimica|Cittadinanza e costituzione|Complementi di matematica
65%
B Biochimica|Biologia|Biologia, microbiologia e tecnologie di controllo ambientale|Biologia, microbiologia e tecnologie di controllo sanitario|Biotecnologie agrarie|Biotecnologie vitivinicole
62%
R Rappresentazione e modellazione odontotecnica|Relazioni internazionali|Religione|Religione cattolica o attività alternative|Religione cattolica oppure attività alternative
52%
D Dendrometria|Diritto|Diritto e legislazione socio-sanitaria|Diritto e legislazione turistica|Diritto e tecniche amministrative|Diritto ed economia|Diritto ed economia della filiera ittica|Diritto ed economia dello sport|Diritto ed economia politica|Diritto, economia e tecnica amministrativa del settore socio-sanitario|Discipline audiovisive e multimediali|Discipline geometriche|Discipline geometriche e scenotecniche|Discipline grafiche|Discipline grafiche e pittoriche|Discipline pittoriche e/o discipline plastiche e scultoree|Discipline plastiche e scultoree|Discipline progettuali architettura e ambiente|Discipline progettuali dello spettacolo|Discipline progettuali design|Discipline progettuali scenografiche|Discipline sanitarie|Discipline sportive|Discipline turistiche e aziendali|Disegno e storia dell'arte|Disegno, progettazione e organizzazione industriale
48%
P Patologia|Pedagogia|Produzioni animali|Produzioni vegetali|Progettazione e produzione|Progettazione e realizzazione del prodotto fotografico e audiovisivo|Progettazione multimediale|Progettazione, costruzioni e impianti|Psicologia|Psicologia e sociologia|Psicologia generale e applicata
27%
O Organizzazione e gestione dei processi produttivi|Ottica|Ottica, ottica applicata
6%
V Viticoltura|Viticoltura e difesa della vite
5%
U Utilizzazioni forestali
0%
Nessun quiz corrispondente trovato
Distribuzione punteggi
Percentuale di utenti per punteggio
Percentile per numero di risposta
I tuoi punteggi nel tempo
Non hai fatto questo quiz